नवां दशक हिमांचल की प्रतिनिधि कहानियां / (Record no. 117917)

MARC details
000 -LEADER
fixed length control field 01108nam a22002537a 4500
005 - DATE AND TIME OF LATEST TRANSACTION
control field 20170124103103.0
010 ## - LIBRARY OF CONGRESS CONTROL NUMBER
LC control number A-692166
020 ## - INTERNATIONAL STANDARD BOOK NUMBER
Terms of availability 80.00
International Standard Book Number 8185671222
035 ## - SYSTEM CONTROL NUMBER
System control number A-692166
037 ## - SOURCE OF ACQUISITION
Source of stock number/acquisition Cen Lib/Ret
040 ## - CATALOGING SOURCE
Original cataloging agency DPL
Language of cataloging HN
082 ## - DEWEY DECIMAL CLASSIFICATION NUMBER
Classification number
Item number राजेंद्र
100 ## - MAIN ENTRY--PERSONAL NAME
Personal name राजेंद्र राजन
9 (RLIN) 77470
245 ## - TITLE STATEMENT
Title नवां दशक हिमांचल की प्रतिनिधि कहानियां /
Statement of responsibility, etc राजेंद्र राजन
246 ## - VARYING FORM OF TITLE
Title proper/short title Navan dashak himanchal ki prtinidhi kahaniayan
Remainder of title by Rajendr Rajan
260 ## - PUBLICATION, DISTRIBUTION, ETC. (IMPRINT)
Place of publication, distribution, etc दिल्ली
Name of publisher, distributor, etc भावना प्रकाशन
Date of publication, distribution, etc 1994
270 ## - ADDRESS
Address 126,पटपड़गंज
City दिल्ली
Postal code 110091
300 ## - PHYSICAL DESCRIPTION
Extent 156पृष्ठ.
Dimensions 20सेमी(सजिल्द)
650 ## - SUBJECT ADDED ENTRY--TOPICAL TERM
Topical term or geographic name as entry element हिंदी साहित्य
9 (RLIN) 77471
650 ## - SUBJECT ADDED ENTRY--TOPICAL TERM
Topical term or geographic name as entry element संघर्षपूर्ण हिंदी कहानी
9 (RLIN) 70553
650 ## - SUBJECT ADDED ENTRY--TOPICAL TERM
Topical term or geographic name as entry element Hindi literature
9 (RLIN) 77472
650 ## - SUBJECT ADDED ENTRY--TOPICAL TERM
Topical term or geographic name as entry element Hindi tough story
9 (RLIN) 77473
942 ## - ADDED ENTRY ELEMENTS (KOHA)
Source of classification or shelving scheme Dewey Decimal Classification
Koha item type Hindi Books
Classification part
Call number suffix राजेंद्र
Holdings
Withdrawn status Lost status Damaged status Not for loan Home library Current library Date acquired Source of acquisition Cost, normal purchase price Total Checkouts Full call number Barcode Date last seen Copy number Cost, replacement price Price effective from Koha item type Public note
Written off       Central Library Central Library 08/09/2015 Cen Lib /Ret 80.00   क राजेंद्र A-692166 08/09/2015 1 80.00 08/09/2015 Hindi Books Written off on approval by DLB (By Circulation); dtd 20.12.2022

© Delhi Public Library
Hit Counter
free hit counter